Ekológia vodných ekosystémov pre gymnáziá 1 ekológia rýb a klasifikácia vodných tokov : didaktický manuál s obsahom metodických materiálov pre rozšírené vyučovanie biológie, mimoškolskú a záujmovú činnosť žiakov

Bibliographic Details
Main Authors: Kokavec, Igor (Author), Nagyová, Soňa, 1967- (Author)
Format: Software eBook
Language:Slovak
PhysicalDescription:1 elektronický optický disk (CD-ROM) fareb., zvuk 12 cm
Published: V Bratislave Univerzita Komenského c 2014
ISBN:9788022336598
Edition:1. vyd.
Subjects:

MARC

LEADER 00000cam a2200000 a 4500
001 vtls010662623
003 SK-MaSNL
005 20260425235938.0
007 co mga muuua
008 240318s2014 xo | fsp 000 0 slo
015 |a SNBS2016 
020 |a 9788022336598  |q (elektronická kniha) 
040 |a SNK  |b slo  |c SNK  |e AACR2 
041 0 |a slo 
043 |a e-xo--- 
044 |a xo  |c SK 
072 7 |a 574  |x Všeobecná ekológia  |2 konspekt 
072 7 |a 502  |x Životné prostredie a jeho ochrana  |2 konspekt 
072 7 |a 639.2/.6  |x Rybárstvo  |2 konspekt 
080 |a 574.5  |2 2001 
080 |a 502.171:574.5  |2 2001 
080 |a 597.2/.5(28)  |2 2001 
080 |a 639.215.2  |2 2001 
080 |a (437.6)  |2 2001 
080 |a (075.3)  |2 2001 
080 |a (072)  |2 2001 
080 |a (0.034.44)  |2 2001 
100 1 |a Kokavec, Igor  |4 aut  |9 548826 
245 1 0 |a Ekológia vodných ekosystémov pre gymnáziá 1  |h elektronický zdroj  |b ekológia rýb a klasifikácia vodných tokov : didaktický manuál s obsahom metodických materiálov pre rozšírené vyučovanie biológie, mimoškolskú a záujmovú činnosť žiakov  |c Igor Kokavec, Soňa Nagyová 
246 3 0 |a Ekológia rýb a klasifikácia vodných tokov 
250 |a 1. vyd. 
260 |a V Bratislave  |b Univerzita Komenského  |c c 2014 
300 |a 1 elektronický optický disk (CD-ROM)  |b fareb., zvuk  |c 12 cm 
500 |a Názov z titulnej obrazovky 
504 |a Bibliogr. odkazy 
516 |a Textový dokument (metodická príručka), súbory vo formáte pdf, docx, html, pptx, jpg, avi 
536 |a Projekt Život a voda - modelová aplikácia a námety k výučbe biológie na gymnáziách, KEGA 073UK-4/2012 
538 |a Technické požiadavky: PDF prehliadač, textový editor, internetový prehliadač, prezentačný softvér, prehliadač obrázkov, video prehrávač 
650 0 7 |a vodné ekosystémy  |2 SNKPH  |9 3915 
650 0 7 |a ochrana vodných ekosystémov  |2 SNKPH  |9 315797 
650 0 7 |a sladkovodné ryby  |2 SNKPH  |9 2761 
650 0 7 |a Water ecosystems  |2 SNKPHeng  |9 303383 
650 0 7 |a Aquatic ecosystems conservation  |2 SNKPHeng  |9 489723 
650 0 7 |a Freshwater fishes  |2 SNKPHeng  |9 320021 
651 7 |a Slovakia  |2 SNKPHeng  |9 92630 
651 7 |a Slovensko  |2 SNKPH  |9 14231 
655 7 |a elektronické zdroje  |2 SNKPH  |9 90954 
655 7 |a CD-ROM  |2 SNKPH  |9 70236 
655 7 |a učebnice stredných škôl  |2 SNKPH  |9 69323 
655 7 |a metodické príručky  |2 SNKPH  |9 70250 
655 7 |a Textbooks (secondary)  |2 SNKPHeng  |9 276359 
655 7 |a Methodological manuals  |2 SNKPHeng  |9 270866 
655 7 |a Electronic resources  |2 SNKPHeng  |9 175546 
700 1 |a Nagyová, Soňa,  |d 1967-  |4 aut  |9 250154 
752 |a Slovensko  |d Bratislava 
852 |a Štátna vedecká knižnica v Banskej Bystrici 
919 |a 978-80-223-3659-8 
958 |a NB 
999 |c 842239  |d 844169 
952 |a SNK  |b SNK  |y PREZ  |7 0  |p 17A1141496  |o snkSCDM 7255  |i snk2015/10025  |8 0  |0 0  |1 0  |4 0  |d 2015-03-23  |l 0  |r 2026-02-24 04:15:30  |w 2026-02-24